000 01756nam0a2200337 4500
001 RU\NLR\bibl\1727281
005 20260406071723.0
010 _a978-5-9227-0239-3
_9500
021 _aRU
_b2011-99133
_97100
035 _a(NLR Aleph) 001718247
090 _a1323214
_c1323214
100 _a20110126d2010 |||y0rusy50 ca
101 0 _arus
102 _aRU
105 _aa |||||||||
200 1 _aЭтнополитическая мозаичность антропосферы
_eмонография
_fА.Н. Асаул, М.А. Джаман, П.В. Шуканов
_gМ-во образования и науки Рос. Федерации, С.-Петерб. гос. архит.-строит. ун-т
210 _aСанкт-Петербург
_cСанкт-Петербургский архитектурно-строительный университет
_d2010
215 _a174, [1] с.
_cил.
_d20
300 _aС автогр. д.э.н., проф., засл. деят. науки РВ А.Н. Асаула
316 _aавтограф
_5NLR:2011-3/2030
320 _aБиблиогр. в подстроч. примеч.
606 1 _aЭтногенез
_91697988
_3RU\NLR\auth\66755518
686 _aТ3(0)0-01
700 1 _4070
_8rus
_7ca
_aАсаул
_bА.Н.
_cд-р экон. наук
_f1948-
_gАнатолий Николаевич
_3RU\NLR\auth\7728688
_911719
701 1 _aДжаман
_bМ. А.
_gМихаил Алексеевич
_4070
701 1 _aШуканов
_bП. В.
_gПавел Васильевич
_4070
801 0 _aRU
_bNLR
_c20110126
_gRCR
801 1 _aRU
_bNLR
_c20110126
942 _cBOOK
980 _aNB